| 000 | 01060nam a2200277 i 4500 | ||
|---|---|---|---|
| 001 | bg | ||
| 100 | 1 | _aKRAWCZYK, Andrzej | |
| 245 | 1 | 0 |
_aPodstawowe metody matematyczne w geologii / _cAndrzej Krawczyk, Tadeusz Słomka. |
| 250 | _aWyd. 3. | ||
| 260 |
_aKraków : _bWydawnictwa AGH, _c1994. |
||
| 300 |
_a168 s. : _b1 mapa, rys., wykr. ; _c24 cm. |
||
| 490 | 1 |
_aSkrypty Uczelniane / Akademia Górniczo-Hutnicza im. S. Staszica w Krakowie, _x0239-6114 ; _vnr 1393 |
|
| 504 | _aBibliogr. s. 148-153. | ||
| 650 | 9 |
_aGeologia _xmetody |
|
| 650 | 9 |
_aModele _xstosowanie _xgeologia |
|
| 650 | 9 |
_aRachunek prawdopodobieństwa _xstosowanie _xgeologia |
|
| 655 | _aPodręczniki akademickie | ||
| 700 | 1 | _aSŁOMKA, Tadeusz | |
| 830 | 0 |
_aSkrypty Uczelniane (Akademia Górniczo-Hutnicza im. S. Staszica w Krakowie) ; _vnr 1393 |
|
| 040 | _cBPK | ||
| 041 | 0 | _apl | |
| 080 | _a55:519.2](075.8) | ||
| 942 | _cKS | ||
| 008 | s pl f |000 0 pol | ||
| 856 |
_uhttp://koha.tu.koszalin.pl/cgi-bin/koha/opac-detail.pl?biblionumber=32202 _yKatalog online BPK |
||
| 999 |
_c32202 _d32202 |
||